| 000 | 00787cam a2200253 4500 | ||
|---|---|---|---|
| 001 | 28081 | ||
| 003 | BD-RjUL | ||
| 005 | 20211209051233.0 | ||
| 008 | 140329r19741971ii abc b 001 0 eng | ||
| 035 | _a(BD-RjUL)28162 | ||
| 040 |
_aDLC _cDLC _dBD-RjUL _beng |
||
| 041 | _aeng | ||
| 082 | 0 | 0 |
_a973 _bBAA 1974 |
| 100 | 1 |
_aBailey, Thomas Andrew, _d1902-1983. _985854 |
|
| 245 | 1 | 4 |
_aThe American pageant : _ba history of the Republic / _cThomas A. Bailey. |
| 250 | _a4th ed. | ||
| 260 |
_aNew Delhi : _bSterling Publishers, _cc1971 [Reprinted 1974]. |
||
| 300 |
_axvii, 1068, lvi p. : _bill. ; _c25 cm. |
||
| 504 | _aIncludes bibliographical references and index. | ||
| 651 | 0 |
_aUnited States _xHistory. _986090 |
|
| 942 |
_2ddc _cBK |
||
| 999 |
_c28081 _d28081 |
||